000 00370nam a2200145Ia 4500
008 221007s9999 xx 000 0 und d
041 _aeng
082 _bSHA
100 _aShahane T( 2k61111)
_9102186
245 _aRetail Audits-Focusing on Competition and Plush
260 _c2008
_bPune University
_aPune
300 _a76p
520 _aGaikwad J
906 _bGeneral
999 _c69346
_d69346